[Event "Cologne Longerich op 09th"]
[Site "Cologne"]
[Date "2012.08.04"]
[Round "2"]
[White "Zilberman, Rodion"]
[Black "Janssen, Wolfgang"]
[Result "0-1"]
[WhiteElo "1844"]
[BlackElo "1697"]
[PlyCount "78"]
[EventDate "2012.08.03"]
[EventType "tourn"]
[EventRounds "5"]
[EventCountry "GER"]
[SourceTitle "EXT 2017"]
[Source "ChessBase"]
[SourceDate "2016.10.25"]
[SourceVersion "1"]
[SourceVersionDate "2016.10.25"]
[SourceQuality "1"]

1. d4 Nf6 2. c4 g6 3. Nc3 Bg7 4. e4 d6 5. f3 0-0 6. Be3 Nc6 7. Nge2 e5 8. d5 Ne7 9. Qd2 Nd7 10. g4 f5 11. gxf5 gxf5 12. Bh6 Ng6 13. Bxg7 Qh4+ 14. Kd1 Kxg7 15. Ng3 fxe4 16. fxe4 Nf6 17. Bd3 Nf4 18. Kc2 Kh8 19. Nce2 Nxd3 20. Qxd3 Bh3 21. Rhe1 Ng4 22. Nf5 Rxf5 23. exf5 Nf2 24. Qf3 Qxc4+ 25. Nc3 Qf4 26. Qxf4 exf4 27. f6 Bf5+ 28. Kd2 Nd3 29. Re7 Rg8 30. Ne4 Ne5 31. Nf2 Rf8 32. Rxc7 Rxf6 33. Rxb7 Rg6 34. Rc1 Rg2 35. Rcc7 Rxf2+ 36. Kc3 Rc2+ 37. Kb3 Rxc7 38. Rxc7 f3 39. Rc1 Bh3 0-1

[Event "Leverkusen Bayer op 10th"]
[Site "Leverkusen"]
[Date "2012.01.11"]
[Round "1"]
[White "Block, Wolfgang"]
[Black "Janssen, Wolfgang"]
[Result "1-0"]
[WhiteElo "2117"]
[BlackElo "1693"]
[PlyCount "79"]
[EventDate "2012.01.11"]
[EventType "swiss"]
[EventRounds "7"]
[EventCountry "GER"]
[SourceTitle "EXT 2014"]
[Source "ChessBase"]
[SourceDate "2013.11.20"]
[SourceVersion "1"]
[SourceVersionDate "2013.11.20"]
[SourceQuality "1"]

1. d4 Nf6 2. c4 g6 3. Nc3 Bg7 4. e4 0-0 5. f4 d6 6. Nf3 Nbd7 7. Be2 c5 8. d5 Ne8 9. 0-0 f5 10. Ng5 Nb6 11. exf5 gxf5 12. Bd3 h6 13. Nf3 Nf6 14. Qc2 Kh8 15. Nh4 e6 16. Ng6+ Kg8 17. Nxf8 Qxf8 18. dxe6 Bxe6 19. b3 Ng4 20. Bd2 Bd4+ 21. Kh1 Qf6 22. g3 Bd7 23. Be2 Re8 24. Bf3 Ne3 25. Bxe3 Rxe3 26. Nd5 Nxd5 27. Bxd5+ Kg7 28. Rae1 Qe7 29. Qd1 Bc6 30. Bxc6 bxc6 31. Rxe3 Qxe3 32. Qf3 Qe4 33. h3 Kf6 34. Kh2 d5 35. g4 Qxf3 36. Rxf3 fxg4 37. hxg4 h5 38. Kg3 hxg4 39. Kxg4 Bc3 40. Rxc3 1-0